Siapa penghuni bumi sebelum manusia?

Saved in:
Bibliographic Details
Main Author: Muhammad Isa Dawud
Other Authors: Irwan Kurniawan
Format: Book
Published: Kuala Lumpur Pustaka Syuhada 1998
Subjects:
Tags: Add Tag
No Tags, Be the first to tag this record!
Call Number :BP 63.M3 M83 1998

MARC

LEADER 00000pam a2200000 4500
001 35255
003 MY-KLNDU
005 20241218090652.0
020 0 0 |a 9839062549 
035 |a 0000023393 
039 9 |y 200910091604  |z VLOAD 
090 0 0 |a BP 63.M3  |b M83 1998 
100 1 0 |a Muhammad Isa Dawud 
245 1 0 |a Siapa penghuni bumi sebelum manusia?  |c Muhammad Isa Dawud  |f penterjemahIrwan Kurniawan 
260 0 0 |a Kuala Lumpur  |b Pustaka Syuhada  |c 1998 
300 |a xi,257p.  |c 21cm 
650 0 0 |a Islam 
650 0 0 |a Civilization,islamic 
700 0 1 |a Irwan Kurniawan 
999 |a vtls000025112  |c 35255  |d 35255